000 00899nam a2200265 i 4500
001 000032508
003 DO-SdBNP
005 20250306141101.0
007 ta
008 110718s2006 dr o 000 0 spa d
040 _aDO-SdBNP
_bspa
_cBNPHU
_erda
082 _axxx
_bP438
100 1 _aPérez, Milvio
_eautor
_958445
_4aut.
245 1 0 _aCatálogo :
_btestimonio gráfico abril 1965 de Milvio Pérez /
_cMilvio Pérez :
264 1 _aSanto Domingo :
_bSecretaría de Estado de Cultura.
_c2006.
300 _a147 págias
_bfotografías
_c22 cm.
336 _atexto
_btxt
_2rdacontent
337 _asin mediación
_bn
_2rdamedia
338 _avolumen
_bnc
_2rdacarrier
590 _aInventariado, 2025/ YL
700 _aPérez, Milvio
_efotografías
_958445
710 1 _aSecretaría de Estado de Cultura
_bSubsecretaría de Patrimonio Cultural
_958446
910 _aYlockward
942 _2ddc
_cLBS1
999 _c31999
_d31999